[Event "Valasska Bystrice op 11th"]
[Site "Valasska Bystrice"]
[Date "2019.09.11"]
[Round "6"]
[White "Kunc, Miroslav1111"]
[Black "Oktavec, Ivan"]
[Result "1/2-1/2"]
[WhiteElo "1410"]
[BlackElo "1619"]
[PlyCount "43"]
[EventDate "2019.09.07"]
[EventType "swiss"]
[EventRounds "9"]
[EventCountry "CZE"]
[SourceTitle "EXT 2020"]
[Source "ChessBase"]
[SourceDate "2019.10.17"]
[SourceVersion "1"]
[SourceVersionDate "2019.10.17"]
[SourceQuality "1"]

1. e4 e6 2. d4 d5 3. exd5 exd5 4. Bd3 Nf6 5. Ne2 Bd6 6. 0-0 0-0 7. Nbc3 c6 8. Bf4 Bg4 9. f3 Be6 10. Qd2 Qc7 11. Bxd6 Qxd6 12. Qf4 Qxf4 13. Nxf4 Nbd7 14. Nxe6 fxe6 15. Rae1 Rae8 16. Re2 e5 17. dxe5 Nxe5 18. Rfe1 Nxd3 19. cxd3 Kf7 20. Kf2 Rxe2+ 21. Rxe2 Nd7 22. d4 1/2-1/2

[Event "Valasska Bystrice op"]
[Site "Valasska Bystrice"]
[Date "2014.09.18"]
[Round "7"]
[White "Hyll, Jan"]
[Black "Oktavec, Ivan"]
[Result "1-0"]
[WhiteElo "1932"]
[BlackElo "1634"]
[PlyCount "87"]
[EventDate "2014.09.13"]
[EventType "swiss"]
[EventRounds "9"]
[EventCountry "CZE"]
[SourceTitle "CBM 162 Extra"]
[Source "ChessBase"]
[SourceDate "2014.10.17"]
[SourceVersion "1"]
[SourceVersionDate "2014.10.17"]
[SourceQuality "1"]

1. e4 g6 2. d4 Bg7 3. f4 e6 4. Nf3 b6 5. Be3 Bb7 6. Nc3 d6 7. Bd3 Ne7 8. Qd2 Nd7 9. 0-0-0 a6 10. h3 c5 11. Rhf1 cxd4 12. Nxd4 Rc8 13. g4 Nc5 14. f5 Ng8 15. g5 e5 16. f6 Bf8 17. Nf3 Qc7 18. Rf2 Bc6 19. Bxc5 bxc5 20. Bxa6 Ra8 21. Bb5 Rb8 22. a4 h6 23. h4 hxg5 24. hxg5 Qd7 25. Nxe5 dxe5 26. Qxd7+ Bxd7 27. Bxd7+ Kd8 28. Bb5+ Kc7 29. Rfd2 Nxf6 30. Kb1 Bh6 31. gxh6 Rhd8 32. Rxd8 Rxd8 33. Nd5+ Nxd5 34. Rxd5 Rh8 35. Rxc5+ Kb6 36. Rxe5 Rxh6 37. Re7 Rh4 38. Rxf7 Rxe4 39. Rf6+ Kc5 40. Rxg6 Re1+ 41. Ka2 Re3 42. Rc6+ Kd5 43. c4+ Kd4 44. a5 1-0